| 000 | 01087cam a2200313Ia 4500 | ||
|---|---|---|---|
| 008 | |||
| 020 | _a1853025011 (pbk.) | ||
| 049 | _aMAIN | ||
| 090 |
_aTA157 _bCOL |
||
| 100 | 1 | _aCollins, Stephen. | |
| 245 | 1 | 4 |
_aThe professional engineer in society / _cStephen Collins, John Ghey and Graham Mills ; with a foreword by J.C. Levy |
| 260 |
_aLondon : _bJ. Kingsley, _c1989. |
||
| 300 |
_a288 p. : _bill. ; _c24 cm. |
||
| 500 | _aIncludes index. | ||
| 504 | _aIncludes bibliographical references. | ||
| 505 | 0 | _aTechnology and society -- The organisation of engineering activities -- Communication. | |
| 650 | 0 |
_aEngineering _xSocial aspects. |
|
| 650 | 0 |
_aEngineering _xManagement. |
|
| 650 | 0 | _aCommunication in engineering. | |
| 650 | 0 |
_aEngineering _zGreat Britain _xHistory. |
|
| 650 | 0 |
_aEngineering _xStudy and teaching _zGreat Britain. |
|
| 700 | 1 | _aGhey, John. | |
| 700 | 1 | _aMills, Graham. | |
| 907 |
_a.b10026253 _b22-03-13 _c17-04-03 |
||
| 003 | |||
| 005 | 20230123133526.0 | ||
| 040 | _cNUST | ||
| 942 |
_cBOOKS _kTA157 _mCOL |
||
| 999 |
_c150091 _d150091 |
||